Statistiken für Daten des 20. Jahrhunderts

Klicken Sie hier um das Quiz zu spielen!

Allgemein

  • Dieses Quiz wurde 2.309 mal gespielt
  • Das Durchschnittsergebnis liegt bei 18 aus 34

Antwortstatistiken

EreignisJahr% Korrekt
Ende des 2. Weltkrieges1945
98%
Start des 1. Weltkrieges1914
97%
die Menschheit erreicht den Mond1969
92%
Fall der Berliner Mauer1989
87%
Angriff auf Pearl Harbor1941
85%
Untergang der Titanic1912
82%
Ermordung von John F. Kennedy1963
82%
Einführung des Euro1999
77%
Tschernobyl-Katastrophe1986
75%
Beginn der Weltwirtschaftskrise1929
74%
D-Day1944
70%
Olympische Spiele in München1972
65%
Woodstock1969
58%
Oktoberrevolution1917
56%
Kubakrise1962
55%
Erste Fußball-Weltmeisterschaft1930
46%
Erster Flug eines Flugzeuges1903
44%
Thatcher wird zur Premierministerin gewählt1979
44%
Ende der Apartheid in Südafrika1994
42%
Erstes Bundesligaspiel1963
41%
Richard Nixon tritt zurück1974
41%
die Spanische Grippe bricht aus1918
40%
Martin Luther King wird ermordet1968
40%
Indien wird unabhängig1947
38%
Entführung der Landshut1977
36%
Falkland-Krieg1982
34%
Tian'anmen-Massaker1989
33%
Challenger-Unglück1986
33%
der Irak marschiert in Kuwait ein1990
32%
Iranische Revolution1979
27%
The Beatles spielen im Shea Stadium1965
26%
Lindbergh fliegt von New York nach Paris1927
20%
das erste Ford Model T wird produziert1908
19%
Rodney-King-Unruhen1992
18%

Verteilung der Resultate

Perzentil nach korrekt beantworteten Fragen

Anzahl Personen mit jedem Resultat

Ihre Resultats-Entwicklung

Sie haben dieses Quiz noch nicht gespielt